000 00389nam a2200157 4500
008 190208s2006||||xo d
100 1 _aClaypool John
_9875
245 1 0 _aStopy lásky
250 _a1.vydanie
260 _bSlovenské evanjelizacné stredisko
_aBratislava
_c2006
300 _a109 s.
020 _a80-88863-40-6
_c0
041 1 _aslo
044 _axo
_cSK
958 _aAPR
999 _c22106
_d22106